000 01365cam a2200277 i 4500
003 SA-RiAUC
005 20241027131933.0
008 241025s1981 su g 000r0 ara c
040 _aSA-JeALM
_bara
_cSA-RiAUC
_erda
082 0 4 _a258.4
090 _a258.4
_b ا ب ن ع
100 1 _aابن عتيق، سعد بن حمد،
_d1277-1349 هجري
_eمؤلف.
245 1 0 _aنيل المراد بنظم متن الزاد /
_cسعد بن حمد بن عتيق، وتتمته لعبد الرحمن بن عبد العزيز بن سحمان ؛ راجعه وأشرف على إخراجه إسماعيل بن سعد بن عتيق.
264 1 _aالرياض :
_bدار الهداية ،
_c( د . ت )
264 3 _aالرياض :
_bالمطابع الأهلية للأوفست
300 _a255 صفحة ؛
_c24 سم
336 _aنص
_btxt
_2rdacontent
_3كتاب
337 _aبدون وسيط
_bn
_2rdamedia
338 _aمجلد
_bnc
_2rdacarrier
650 7 _aالفقه الحنبلي
_2aucsh
650 7 _aالفقه الإسلامي
_xمذاهب
_2aucsh
700 1 _aابن عتيق، إسماعيل بن سعد بن إسماعيل،
_d1357 هجري-
_eمراجع.
700 1 _aابن سحمان، عبد الرحمن بن عبد العزيز بن محمد،
_d1341 هجري-
_eمؤلف.
942 _2ddc
_cBOOK
_n0
949 _aSA-JeALM
_d241025
_umohamedma123
_n1
999 _c1756
_d1756